Tendencie rozvoja pracovnej sily v podmienkach výrobného podniku bakalárska práca

Salvato in:
Dettagli Bibliografici
Autore principale: Ďuricová, Terézia
Ente Autore: Fakulta podnikového manažmentu EU. Katedra manažmentu výroby a logistiky - zrušená
Altri autori: Rakovská, Júlia, 1972-
Natura: Libro
Lingua:slovacco
Pubblicazione: Bratislava 2020
Tags: Aggiungi Tag
Nessun Tag, puoi essere il primo ad aggiungerne!!

MARC

LEADER 00000nbm a2200000 4500
001 0266118
005 20201123094042.3
041 0 |a slo 
044 |a SK 
245 1 0 |a Tendencie rozvoja pracovnej sily v podmienkach výrobného podniku  |b bakalárska práca  |c Terézia Ďuricová ; školiteľ: Júlia Rakovská 
264 1 |a Bratislava  |c 2020 
300 |a 51 s. 
100 1 |a Ďuricová, Terézia 
700 1 |a Rakovská, Júlia, 1972- 
710 2 |a Fakulta podnikového manažmentu EU. Katedra manažmentu výroby a logistiky - zrušená